000 00426nam a22001817a 4500
003 MPLRDC
005 20220104143931.0
008 210129b ||||| |||| 00| 0 eng d
082 _a857.623 YG-3 v.1 c.3
100 _a余过
245 _a蝶妻
_c
250 _a初版
260 _a
_b勤 + 缘
_c1993
300 _b
490 _a四人夜话系列. 8
650 _a灵异小说
942 _cBK
_o857.623 YG-3 v.1 c.3
999 _c44777
_d44767